000 00626nam a22002057a 4500
999 _c15261
_d15261
003 AR-CdUCM
008 190426b ||||| |||| 00| 0 spa d
040 _aMUNICIPALIDAD PROVINCIAL DEL CUSCO
_cBIBLIOTECA MUNICIPAL DEL CUSCO
082 _aES / 808 /
_bT53
245 _aEl tigre y la Tortuga /
260 _aBilbaoBeijing :
_bZhaohua,
_c1983.
300 _bIlustraciones, graficos, dinujo
_c25 cm.
500 _aCuentos e historias
650 _aCuentos
_9312
650 _aHistorias
_92725
700 _aYanrong, Wang
_929418
700 _aCheng'an, Jiang
_934308
942 _2ddc
_cLIBROS
945 _apjha
_d2019-04-26